PRINOS KAM IZUČAVANETO NA BALGARSKIJA PARTIZANSKI BIT I FOLKLOR

Bibliographic Details
Main Author: Kojev, Ivan (Author)
Format: Article
Language:Slovak

MARC

LEADER 00000nab a2200000ua 4500
001 vtls010783616
003 SK-MaSNL
005 20260303153150.0
008 230222s1958 xo |||||||||||||||||slo|
035 |a (urnnbn)urn:nbn:sk:snk:ar-a038tt 
035 |a (uuid)9081d912-aa14-43b2-8992-c91508b89f99 
035 |a urn:nbn:sk:snk-ab55a8 
040 |a SNKBUCL  |b slo  |c SNKBUCL  |e AACR2 
041 0 |a slo 
044 |a xo  |c SK 
100 1 |a Kojev, Ivan  |4 aut  |9 1174657 
245 1 0 |a PRINOS KAM IZUČAVANETO NA BALGARSKIJA PARTIZANSKI BIT I FOLKLOR  |c Ivan Kojev 
773 0 |t Slovenský národopis : časopis Slovenskej akadémie vied  |g Roč. 6, č. 5 (1958), s. 553-556 
954 |a odborná, vedecká literatúra pôvodná (slovenská)  |2 lita 
958 |a OND 
958 |a EUIPO 
958 |a article3 
999 |c 2026921  |d 2028851